| 000 | 00612nam a2200133Ia 4500 | ||
|---|---|---|---|
| 008 | 171212s9999 xx 000 0 und d | ||
| 020 | _a9780833037602 | ||
| 100 | _aBower, Anthony G. | ||
| 245 |
_cBower, Anthony G. _aThe Diffusion and Value of Healthcare Information Technology |
||
| 260 |
_bRAND Corporation _c2005 |
||
| 650 | _aBusiness | ||
| 650 | _aMedicine -- Information technology -- Evaluation; Medicine -- Information technology -- Government policy -- United States; Medical records -- Data processing -- Cost effectiveness; Diffusion of innovations | ||
| 856 | _uwww.jstor.org/stable/10.7249/mg272hlth | ||
| 999 |
_c352638 _d352638 |
||